[Event "USA Ch"]
[Site "Estes Park"]
[Date "1987.??.??"]
[Round "4"]
[White "Gurevich, Dmitry B"]
[Black "Wilder, Michael J"]
[Result "1/2-1/2"]
[WhiteElo "2535"]
[BlackElo "2505"]
[PlyCount "81"]
[EventDate "1987.11.??"]
[Source "www.chesslib.no"]
[SourceDate "2004.05.04"]

1. d4 Nf6 2. c4 e6 3. Nc3 Bb4 4. e3 c5 5. Bd3 O-O 6. Nge2 d5 7. O-O dxc4 8. Bxc4 Nc6 9. a3 Bxc3 10. bxc3 Qc7 11. f3 Rd8 12. Qc2 e5 13. Bb5 Be6 14. Bxc6 bxc6 15. dxe5 Qxe5 16. e4 Bc4 17. Bf4 Qe6 18. Rfe1 Nd7 19. Ng3 Ne5 20. Bxe5 Qxe5 21. Rad1 g6 22. Qc1 Rd3 23. Rxd3 Bxd3 24. f4 Qe7 25. e5 Rb8 26. Qe3 c4 27. h3 Rb3 28. a4 Rb2 29. Ne4 Bxe4 30. Qxe4 Qc5+ 31. Kh2 Qd5 32. Qxd5 cxd5 33. Rd1 Rf2 34. Rd4 Kf8 35. Kg1 Rc2 36. Rxd5 Rxc3 37. Ra5 Ra3 38. Rxa7 c3 39. Kf2 c2 40. Rc7 Rxa4 41. Ke3 1/2-1/2

[Event "Memorial Paul Keres Prelim"]
[Site "Tallinn EST"]
[Date "2009.01.10"]
[Round "7"]
[White "Lugovoi, A."]
[Black "Barsov, A."]
[Result "1-0"]
[WhiteElo "2531"]
[BlackElo "2505"]
[PlyCount "48"]
[EventDate "2009.01.09"]
[Source "www.chesslib.no"]
[SourceDate "2004.05.04"]

1. d4 d5 2. c4 e6 3. Nc3 Bb4 4. e3 Nf6 5. Bd3 O-O 6. a3 Bxc3+ 7. bxc3 dxc4 8. Bxc4 c5 9. Ne2 Nc6 10. O-O e5 11. a4 Re8 12. dxc5 Be6 13. Bxe6 Rxe6 14. Ng3 Qa5 15. Ba3 Qxc3 16. Qc1 g6 17. Rb1 Rb8 18. Rd1 Rd8 19. Rd6 Rexd6 20. cxd6 Rd7 21. f4 exf4 22. exf4 h5 23. f5 h4 24. Ne2 gxf5 1-0

[Event "Olimpiadi 2008 - open"]
[Site "Dresda GER"]
[Date "2008.11.13"]
[Round "1"]
[White "Ezat, M."]
[Black "Parligras, M."]
[Result "0-1"]
[WhiteElo "2425"]
[BlackElo "2611"]
[PlyCount "147"]
[EventDate "2008.11.13"]
[Source "www.chesslib.no"]
[SourceDate "2004.05.04"]

1. d4 Nf6 2. c4 e6 3. Nc3 Bb4 4. e3 O-O 5. Bd3 d5 6. a3 Bxc3+ 7. bxc3 dxc4 8. Bxc4 c5 9. Ne2 Qc7 10. Bd3 Nc6 11. e4 cxd4 12. cxd4 Nxd4 13. O-O Nc6 14. h3 Rd8 15. Qc2 Qd7 16. Rd1 Ne5 17. Bg5 Nxd3 18. Nf4 Qb5 19. Bxf6 gxf6 20. Nxd3 b6 21. Rab1 Qg5 22. Re1 Ba6 23. Nb4 Rd2 24. Qb3 Be2 25. Qc3 Rad8 26. Rb3 Kh8 27. Qc7 Qc5 28. Qf4 Qg5 29. Qc7 R2d7 30. Qc3 Rg8 31. g3 Rd2 32. Qe3 Qxe3 33. Rxe3 Bb5 34. Rc1 a5 35. Nc6 Rc8 36. Rec3 Rd3 37. R3c2 Rxa3 38. Ne7 Rxc2 39. Rxc2 Kg7 40. Rc8 Be2 41. Rg8+ Kh6 42. f4 Bf3 43. e5 Bh5 44. g4 Bxg4 45. hxg4 fxe5 46. f5 Rf3 47. Kg2 e4 48. Nc6 exf5 49. Ne5 fxg4 50. Rxg4 Rf5 51. Rxe4 b5 52. Kg3 Kg5 53. Nc6 b4 54. Nxb4 axb4 55. Rxb4 h5 56. Ra4 Rb5 57. Ra3 h4+ 58. Kh3 f5 59. Ra8 Rb3+ 60. Kg2 Kg4 61. Rg8+ Kf4 62. Ra8 Rg3+ 63. Kf2 Rg4 64. Rb8 h3 65. Rh8 Rg2+ 66. Kf1 Kg3 67. Rg8+ Kf3 68. Rh8 Rg3 69. Rh7 f4 70. Rh8 Kg4 71. Rg8+ Kf5 72. Rf8+ Kg5 73. Rg8+ Kf6 74. Rf8+ 0-1

[Event "New York op"]
[Site "New York"]
[Date "1988.??.??"]
[Round "?"]
[White "Groszpeter, Attila"]
[Black "Petursson, Margeir"]
[Result "1/2-1/2"]
[WhiteElo "2495"]
[BlackElo "2540"]
[PlyCount "121"]
[EventDate "1988.03.??"]
[Source "ChessBase"]

1. d4 Nf6 2. c4 e6 3. Nc3 Bb4 4. e3 O-O 5. Bd3 d5 6. Nge2 dxc4 7. Bxc4 c5 8. a3 Bxc3+ 9. bxc3 Qc7 10. Ba2 e5 11. O-O Rd8 12. f3 Be6 13. Bxe6 fxe6 14. Rb1 Rd7 15. Qb3 c4 16. Qb5 Nc6 17. dxe5 Nxe5 18. e4 Nd3 19. Be3 e5 20. a4 b6 21. a5 bxa5 22. Qa4 Nh5 23. Rb5 a6 24. Rb6 Rc8 25. Rxa6 Nhf4 26. Nxf4 exf4 27. Bd4 Rxd4 28. cxd4 c3 29. Rxa5 c2 30. Qb3+ Kh8 31. Qxd3 c1=Q 32. Rc5 Q7xc5 33. dxc5 Qxc5+ 34. Kh1 h6 35. h3 Rb8 36. Rd1 Rb2 37. Qd8+ Kh7 38. Qd5 Qb6 39. Qf5+ Qg6 40. Qxg6+ Kxg6 41. Rd6+ Kh5 42. Kh2 Re2 43. Kg1 Ra2 44. Kf1 Rb2 45. Kg1 Rc2 46. Kh2 Re2 47. Rc6 Re1 48. Rc5+ Kh4 49. Rc6 Kh5 50. Rc7 g5 51. Rc6 Re2 52. Rf6 Ra2 53. h4 g4 54. Rxf4 gxf3 55. Rxf3 Kxh4 56. Re3 Ra6 57. Kg1 Kg4 58. Kf2 h5 59. g3 h4 60. gxh4 Kxh4 61. Kf3 1/2-1/2

[Event "Welsh International"]
[Site "Newport"]
[Date "2004.01.14"]
[Round "8"]
[White "Georgiev, Vladimir"]
[Black "Gormally, Daniel"]
[Result "1/2-1/2"]
[WhiteElo "2563"]
[BlackElo "2471"]
[PlyCount "31"]
[EventDate "2004.01.07"]
[Source "Roberto Alvarez"]
[SourceDate "2004.01.19"]

1. d4 Nf6 2. c4 e6 3. Nc3 Bb4 4. e3 O-O 5. Bd3 d5 6. Nge2 dxc4 7. Bxc4 c5 8. a3 Bxc3+ 9. bxc3 e5 10. O-O Nc6 11. Bb2 Re8 12. Qc2 Be6 13. Bxe6 fxe6 14. Rad1 Qc7 15. e4 Rad8 16. h3 1/2-1/2